A bősi kálvária

Bibliographic Details
Other Authors: Nagy, Attila, 1975- (Compiler)
Format: Article
Language:Hungarian
PhysicalDescription:Fotogr.
ISSN:1335-6534
Subjects:

MARC

LEADER 00000nab a2200000 a 4500
001 vtls011591929
003 SK-MaSNL
005 20260318132640.0
008 161109|2016 xo w| 000 02hun
015 |a SNBRB2016/11 
038 |a DSZK 
040 |a DSZK  |b slo  |c DSZK  |e AACR2 
041 0 |a hun 
044 |a xo  |c SK 
080 |a 726.95:904  |x (437.612)  |2 2011 
080 |a 904  |2 2011 
245 0 0 |a A bősi kálvária  |c összeállította Nagy Attila 
300 |b Fotogr. 
500 |a V rubrike Felvidéki emlékhelyek 
650 0 7 |a kalvárie  |2 SNKPH  |9 3025 
650 0 7 |a sakrálne pamiatky  |2 dszk  |9 28972 
651 7 |a Gabčíkovo (Slovensko)  |2 SNKPH  |9 23512 
700 1 |a Nagy, Attila,  |d 1975-  |4 com  |9 107217 
773 0 |t Remény  |g Évf. XXVII, sz. 45 (2016), o. 4  |x 1335-6534 
852 |a DSZK  |b KIS3GCP 
958 |a HU 
958 |a SK 
958 |a NT 
999 |c 2074939  |d 2076869